000 01082nam a22002897a 4500
005 20250603075506.0
008 250603t ||||| |||| 00| 0 fre d
020 _a9782228890526
040 _aCO-BoUCM
_cDavid Moreno
_dDavid Moreno
041 _afre
100 1 _aSargento, Bernard
_9185894
245 1 0 _aL'Homosexualité et initiation chez les peuples indo-européens
_cBernard Sergent
250 _a1a.Ed
260 _aParís, Francia
_bPayot
_c2023
300 _a670 Paginas., [8] p. de láminas
_bilustraciones
490 _aHistoria Payot
504 _aIncluye referencias bibliográficas e índices
650 1 4 _aHomosexualidad masculina
_xHistoria
_zGrecia
_9185895
650 1 4 _aHomosexualidad masculina
_xHistoria
_zEuropa
_9185896
650 1 4 _aSodomía
_zGrecia
_9185897
650 1 4 _aSodomía
_zEuropa
_9185898
650 1 4 _aRelaciones homoeróticas
_zEuropa antigua
_9185899
650 1 4 _aIdentidad sexual
_xHistoria
_9185900
653 _aRituales masculinos
942 _2DEWEY
_a1
_cLIBRO
_e1
_h306.766
_mS245h
_n0
999 _c325489
_d325489